Úloha filozofie v postkomunistických spoločnostiach

Bibliographic Details
Main Author: Letz, Ján, 1936-2021 (Author)
Format: Article
Language:Slovak
PhysicalDescription:Obr. 1, lit. 4 zázn. v angl., češ., nem., slov.
ISBN:800501189X
Subjects:

MARC

LEADER 00000nab a2200000 a 4500
001 vtls000572794
003 SK-MaSNL
005 20260303140729.0
008 120929c1993 xo 0 slo
015 |a SNBRA19rr/mm-uuuuu 
035 |a CL0572932 
040 |a SNKBUCL  |b slo  |c SNKBUCL  |e AACR2 
041 0 |a slo 
044 |a xo  |c SK 
080 |a 21:301.15/.18  |2 1981 
080 |a 301.15/.18  |2 1981 
080 |a 215  |2 1981 
100 1 |a Letz, Ján,  |d 1936-2021  |4 aut  |9 217669 
245 1 0 |a Úloha filozofie v postkomunistických spoločnostiach  |c Ján Letz 
300 |b Obr. 1, lit. 4 zázn. v angl., češ., nem., slov. 
650 0 7 |a kresťanská filozofia  |2 snkbucl  |9 805 
650 0 7 |a spoločnosť postkomunistická  |2 snkbucl  |9 978038 
655 7 |a články zo zborníkov  |2 snkbucl  |9 166140 
773 0 |t Viera veda spoločnosť  |d Bratislava : Alfa, 1993  |g S. 17-23  |z 800501189X 
850 |a Slovenská národná knižnica v Martine  |a MTA001 
852 |a SNK  |b KIS3GCP 
958 |a RK 
992 |a RZB 
999 |c 1973014  |d 1974944